wszystkie bronie csgo - Statystyki

Ogólne statystyki
  • Ten quiz został rozwiązany 88 razy
  • Średni wynik to 23 z 41
Statystyki odpowiedzi
Litera Broń % Poprawnych
A AK-47
90%
A AWP
87%
M M4A4
78%
M M4A1-S
74%
G Glock-18
71%
U USP-S
71%
A AUG
70%
N Negev
70%
P P250
68%
D Deagle
67%
M MP7
65%
P P2000
65%
M MP9
64%
Z Zeus x27
64%
N Nova
59%
M MP5-SD
58%
P P90
58%
F Five-SeveN
57%
M MAC-10
57%
F FAMAS
54%
T Tec-9
54%
G Galil AR
52%
M M249
51%
M MAG-7
51%
S SCAR-20
51%
C CZ75
49%
S SG 553
49%
O Obrzyn
48%
S SSG 08
48%
G Granat zaczepny
46%
P PP-Bizon
46%
G Granat błyskowo-hukowy
45%
G Granat dymny
45%
U UMP-45
43%
D Dwie Beretty
42%
K Koktajl Mołotowa
39%
W Wabik
38%
X XM1014
35%
N Nóż
30%
G G3SG1
29%
R Rewolwer R8
29%
Nie znaleziono quizów pasujących do podanych kryteriów
Rozkład punktacji
Procent ludzi z każdym wynikiem
Percentyl według liczby udzielonych odpowiedzi
Twoja historia wyników
Nie rozwiązałeś tego quizu